[Event "Regionalliga Mittelrhein 1011"]
[Site "Germany"]
[Date "2011.02.27"]
[Round "6.6"]
[White "Engel, Knut"]
[Black "Miethke, Lothar"]
[Result "1-0"]
[WhiteElo "1920"]
[BlackElo "1811"]
[PlyCount "75"]
[EventDate "2010.10.24"]
[EventType "team"]
[EventRounds "9"]
[EventCountry "GER"]
[SourceTitle "EXT 2015"]
[Source "ChessBase"]
[SourceDate "2014.11.20"]
[SourceVersion "1"]
[SourceVersionDate "2014.11.20"]
[SourceQuality "1"]
[WhiteTeam "Euskirchen Turm"]
[BlackTeam "Aachen PTSV"]
[WhiteTeamCountry "GER"]
[BlackTeamCountry "GER"]

1. d4 Nf6 2. Nf3 d6 3. Nc3 g6 4. e4 Bg7 5. Be2 Nbd7 6. 0-0 e5 7. Bg5 0-0 8. Qd2 a6 9. Rad1 Qe8 10. dxe5 dxe5 11. Bh6 Nc5 12. Bxg7 Kxg7 13. Qe3 Ncd7 14. Nd5 Nxd5 15. exd5 f6 16. c4 b6 17. b4 Qe7 18. Nd4 Nb8 19. f4 Re8 20. fxe5 Qxe5 21. Qxe5 Rxe5 22. Bf3 Ra7 23. Rfe1 Bd7 24. Rxe5 fxe5 25. Ne6+ Kf6 26. Nf8 Kg7 27. Nxd7 Nxd7 28. Bg4 Nf6 29. Be6 Kf8 30. c5 bxc5 31. bxc5 Ke7 32. Bc8 Kd8 33. Bh3 Rb7 34. d6 c6 35. Rf1 Rf7 36. Be6 Rf8 37. Rb1 Nd7 38. Rb7 1-0